00889nam a22002657ib450000500170000000800410001702000380005804000250009608200120012110000280013324500660016126400440022726400110027130000700028233600210035233700250037333800230039849000140042150000500043565000390048565000320052470000260055670000270058283000140060920200512102134.0190711t20192019nyubo j 000 0 eng d a9781489676870qhardbackcRM119.30 aPPAKbengcPPAKerda04a5292231 aKelley, K. C.,eauthor.10aMARCH /cby K. C. Kelley and Bob Ostrom ; Editor: John Willis 1aNew York, NY : bAV2 by Weigl, c[2019] 4c©2019 a24 pages :bcolour maps, chiefly colour photographs ;c23 x 25 cm 2rdacontentatext 2rdamediaaunmediated 2rdacarrieravolume1 a12 MONTHS aFirst published by The Child's World in 2015.10aMarch (Month)vJuvenile literature20aMonthsvJuvenile literature1 aOstrom, Bob,eauthor.1 aWillis, John,eeditor. 0a12 months